000 00710nas a2200253 i 4500
001 2041
003 ES-MaACL
005 20250217134454.0
007 t|
008 950801d18921940fr w| | 1 ||re d
080 _a44
245 0 0 _aRevue des cours et conférences /
_cdir. N. Filoz.
260 _aParis :
_bLecéne Oudin,
_c1892-1940.
300 _a36 v. ;
_c22 cm.
310 _aBimestral
321 _aSemanal,
_b1891?-nov. 1912
362 0 _aAño I [1892]-1940.
650 1 4 _aRevistas de información general.
_916896
700 1 _aFiloz, N,
_edir.
_9194351
700 1 _aStrwski, F.,
_edir.
_9227624
852 _aES-MaACL
_jHem-408
866 0 _o(1906)1907-33(1934).
999 _c2041
_d2041